Vertebrates : (Record no. 3795)

MARC details
000 -LEADER
fixed length control field 01028nam a22002897a 4500
001 - CONTROL NUMBER
control field 3795
003 - CONTROL NUMBER IDENTIFIER
control field FISKH
005 - DATE AND TIME OF LATEST TRANSACTION
control field 20250828110828.0
008 - FIXED-LENGTH DATA ELEMENTS--GENERAL INFORMATION
fixed length control field 240508b cb ||||| |||| 00| 0 eng d
020 ## - INTERNATIONAL STANDARD BOOK NUMBER
International Standard Book Number 9781595157362
040 ## - CATALOGING SOURCE
Original cataloging agency FISKH
Language of cataloging eng
Transcribing agency FISKH
Modifying agency FISKH
050 ## - LIBRARY OF CONGRESS CALL NUMBER
Classification number QL605.3
082 ## - DEWEY DECIMAL CLASSIFICATION NUMBER
Classification number 596
100 ## - MAIN ENTRY--PERSONAL NAME
Personal name O' Hare , Ted
Relator term author
245 ## - TITLE STATEMENT
Title Vertebrates :
Remainder of title What is an animal? /
Statement of responsibility, etc. Ted O' Hare
260 ## - PUBLICATION, DISTRIBUTION, ETC.
Place of publication, distribution, etc. Florida :
Name of publisher, distributor, etc. Rourke Publishing ;
Date of publication, distribution, etc. 2006
300 ## - PHYSICAL DESCRIPTION
Extent 24 pages :
Other physical details color illustrations ;
Dimensions 19 cm .
490 ## - SERIES STATEMENT
Series statement What Is An Animal?
505 ## - FORMATTED CONTENTS NOTE
Formatted contents note U <br/>
520 ## - SUMMARY, ETC.
Summary, etc. Explains what makes an animal a vertebrate and describes vertebrate habits, habitats, bodies, predators, prey, and life cycles, presenting color photos of various vertebrate species such as crocodiles, penguins, and wolves.
521 8# - TARGET AUDIENCE NOTE
Target audience note 820 <br/>
Source Lexile estimate <br/>
521 8# - TARGET AUDIENCE NOTE
Target audience note U <br/>
Source Raz-Plus <br/>
650 ## - SUBJECT ADDED ENTRY--TOPICAL TERM
Topical term or geographic name entry element Vertebrates
Form subdivision Juvenile Literature
700 ## - ADDED ENTRY--PERSONAL NAME
Personal name Sloan , Frank
Relator term illustrator
942 ## - ADDED ENTRY ELEMENTS (KOHA)
Source of classification or shelving scheme Dewey Decimal Classification
Koha item type Books
Suppress in OPAC No
Holdings
Withdrawn status Lost status Source of classification or shelving scheme Damaged status Not for loan Collection Home library Current library Shelving location Date acquired Total Checkouts Full call number Barcode Date last seen Price effective from Koha item type Copy number
    Dewey Decimal Classification     Non-Fiction Footprints International School Library Network Toul Tom Poung Campus Footprints International School Library Network Toul Tom Poung Campus TTP Secondary Non-Fiction Bookshelves 05/08/2024   O' Hare 596 QL605.3 FISTK00765 05/08/2024 05/08/2024 Books  
    Dewey Decimal Classification     Non-Fiction Footprints International School Library Network Toul Tom Poung Campus Footprints International School Library Network Toul Tom Poung Campus TTP Secondary Non-Fiction Bookshelves 08/28/2025   O' Hare 596 QL605.3 FIS02866 08/28/2025 08/28/2025 Books 2